[Event "Corus Wijk aan Zee"]
[Site " Wijk aan Zee"]
[Date "2007.01.20"]
[Round "7"]
[White "GM Carlsen, Magnus (NOR)"]
[Black "GM Svidler, Peter (RUS)"]
[Result "0-1"]
[WhiteElo "2690"]
[BlackElo "2728"]
[Annotator "Ìèõàèë Êðîéòîð"]
[PlyCount "94"]
[EventDate "2007.01.??"]
[EventType "tourn"]
[EventCountry "NED"]
[EventCategory "19"]
[Source "CrestBook.com"]

1. e4 e5 2. Nf3 Nc6 3. Bb5 a6 4. Ba4 Nf6 5. O-O Be7 6. Re1 b5 7. Bb3 O-O 8. a3
{Î÷åðåäíîé ÀíòèÌàðøàëë! Ðåäêîå, íåïðèòÿçàòåëüíîå ïðîäîëæåíèå. Ñëîæíî â ýòîì
ñëó÷àå ðàññ÷èòûâàòü íà âûõîä èç äåáþòà ñ ïðåèìóùåñòâîì. Ïî-âèäèìîìó,
Êàðëñåí ïðîäîëæàåò ó÷èòüñÿ äåëàòü íè÷üè ñ ýëèòíûìè èãðîêàìè áåëûì öâåòîì. Íî
íå âñåãäà ýòî ó íåãî ïîëó÷àåòñÿ.} Bc5 9. c3 d6 10. d4 Bb6 11. Be3 h6 12. h3
Re8 13. Nbd2 Bb7 {Îáå ñòîðîíû çàêîí÷èëè ñâî, ðàçâèòèå - ðåçóëüòàò äåáþòà äëÿ
÷¸ðíûõ îáíàä,æèâàþùèé - îíè äîáèëèñü, êàê ìèíèìóì, ðàâíîé ïîçèöèè.} 14. dxe5
({Êîìïüþòåðû ïðåäëàãàþò} 14. d5 Ne7 15. Bxb6 cxb6 {, íî ó áåëûõ çäåñü,
ïîõîæå, íè÷åãî íåò. Êîíå÷íî, ïåøêà d5 ñêîâûâàåò ñèëû ñîïåðíèêà, íî ó òåõ
åñòü ëèíèÿ «c».}) ({Áîëüøèå ìàñòåðà èãðàþò îäíó ïîçèöèþ ðàçíûì öâåòîì. Ï,
òð Ñâèäëåð, êàê ìíå êàæåòñÿ òðàêòîâàë ýòó ïîçèöèþ (áåëûìè!) òîíüøå:} 14. Bc2 {
, è òîëüêî ïîñëå òîãî, êàê åãî ñîïåðíèê èñïîëíèë ìàí¸âð èì. Áðåéåðà} Nb8 {
, âñêðûë è çàôèêñèðîâàë öåíòð:} 15. dxe5 dxe5 16. Bxb6 cxb6 17. a4 bxa4 18.
Bxa4 b5 19. Bb3 Nbd7 20. Qe2 Nc5 {, õîòÿ ïåðåèãðàòü ñâîåãî ñîïåðíèêà íå ñìîã}
21. Bc2 Qc7 22. Qe3 a5 23. Nh4 Rad8 24. Nf5 Bc8 25. Nf3 Bxf5 26. exf5 b4 27.
cxb4 axb4 28. Rad1 e4 29. Nd4 Rd7 30. Nb5 Qe5 31. f4 Qe7 32. Rxd7 Qxd7 33. Qxc5
Rc8 34. Qf2 Qxb5 35. Bxe4 b3 36. Bf3 Qxf5 37. Qd4 h5 38. Re5 Qb1+ 39. Kh2 h4
40. Be2 Qe1 41. Re3 Re8 42. Rxe8+ Nxe8 43. Bc4 Qg3+ 44. Kg1 Qe1+ 45. Kh2 Qg3+
46. Kg1 Qe1+ {1/2-1/2 Svidler,P (2765)-Leko,P (2740)/Monte Carlo MNC 2006/The
Week in Chess 594}) 14... dxe5 15. Bxb6 cxb6 16. Nh2 $5 {
ìàí¸âð, âûðàæàþùèé ïðîñòóþ ýìîöèþ: «ìåíÿòüñÿ õî÷ó!»} Qe7 17. Ng4 Rad8 ({
Ñàìèì ÷¸ðíûì áðàòü êîíÿ ïðîòèâíèêà íåò ðåçîíà: ïîñëå} 17... Nxg4 18. Qxg4 Rad8
19. Bd5 {ïîçèöèÿ ðàâíà. À âàðèàíò â ïàðòèè äà,ò èì ìèíèìàëüíîå ïðåèìóùåñòâî çà
ñ÷,ò âûèãðûøà òåìïà.}) 18. Nxf6+ Qxf6 {Â ñâÿçè ñ òåì, ÷òî ÷¸ðíûå íå òåðÿëè
âðåìåíè ïîäãîòîâêó è îñóùåñòâëåíèå ðàçìåíîâ, à ðàçâèâàëè ôèãóðû (â ÷àñòíîñòè,
ôåðçåâóþ ëàäüþ), îíè ïîëó÷èëè àêòèâíóþ ïîçèöèþ.} 19. Qe2 Na5 20. Ba2 Bc8 {
Ýòîò ïåðåâîä ñëîíà áûë ñäåëàí ñ äâóìÿ èäåÿìè: âî-ïåðâûõ, îáåñïå÷èòü åãî
ïîÿâëåíèå íà e6. Âî-âòîðûõ, îí, êàê ôèãóðà äàëüíîáîéíàÿ, ïðîñòèðàåò ñâîè
æåëàíèÿ àæ äî ïóíêòà h3 (ïîñëå Qg6). Íî, êàæåòñÿ, åñòü ó ýòîãî ìàí¸âðà è
íåäîñòàòîê...} 21. Nf1 ({âñ¸-òàêè â öåíòðå (} 21. Bd5 $1 {
) áåëûé ñëîí ñìîòðåëñÿ ëó÷øå:} Qg6 22. Qe3 {. Äóìàåòñÿ, Ï,òð íå ñòàë áû äîëãî
òåðïåòü òàêóþ çàíîçó, è ïðåäëîæèë áû ìåíÿòüñÿ -} Be6 {
. À ïîñëå ýòîãî èãðà óðàâíèâàëàñü:} 23. b4 (23. Qxb6 Bxd5 $1) 23... Bxd5 24.
exd5 Nc4 25. Nxc4 bxc4 26. Rad1 $11 {.}) 21... Qg6 22. Kh2 ({
Ìîæåò áûòü, ñëåäîâàëî, íàêîíåö, óáðàòü êîíÿ ñ ïåðâîé ëèíèè? È ñûãðàòü} 22. Ng3
$5) 22... Be6 23. Bxe6 Rxe6 24. a4 $6 {Òàê áåëûå îñòàþòñÿ áåç ïåøêè.} ({
Òàê áåëûå îñòàþòñÿ áåç ïåøêè.  Íà ìîé âçãëÿä, ãîðàçäî ëó÷øå áûëî ïîïûòàòüñÿ
âûðâàòü ëèíèþ «d» ó ÷¸ðíûõ.Áàíàëüíîå} 24. Red1 {ñîõðàíÿë ðàâåíñòâî.}) 24...
Nb3 $1 ({Ñëàáåå, êîíå÷íî æå,} 24... bxa4 $6 25. Rxa4 $11) 25. Rad1 ({Â ñëó÷àå
} 25. Ra3 bxa4 26. Rxa4 Nc5 27. Rc4 Red6 {ó áåëûõ ïîÿâëÿþòñÿ áîëüøèå ïðîáëåìû}
{Ïðîçàè÷íåå ðàçâèâàåòñÿ ñþæåò ïîñëå} 28. Qg4 ({
î÷åíü êðàñèâ âàðèàíò, ïîëó÷àþùèéñÿ ïîñëå} 28. Rb1 {
óâîäÿ ëàäüþ èç-ïîä óäàðà ÷¸ðíîãî êîíÿ è çàãîäÿ çàùèùàÿ ïåøêó íà b2)} Nd3 29.
Ne3 b5 {Íó, è ïîåõàëè!} 30. Nf5 R6d7 31. Qxd3 $1 Qf6 $1 32. Rd4 $1 exd4 33.
cxd4 Rxd4 $1 34. Nxd4 Rxd4 35. Qe3 Qe5+ 36. g3 Qxe4 {
, è ïîñëå âñåõ ýòèõ êðàñîò ÷¸ðíûå âûèãðàëè ïåøêó}) 28... Nd3 29. Re2 (29. Qxg6
Rxg6 30. Rd1 Rxg2+ $1) 29... Qf6 30. Kg1 Nf4 31. Re1 h5 {
, è áåëûì ôèãóðàì ñòàëî òåñíî â ýòîé æèçíè.}) 25... Rxd1 26. Rxd1 bxa4 27. Qxa6
({È îïÿòü: «î áåäíîé ëîøàäêå çàìîëâëþ ÿ ñëîâî»:} 27. Ng3 $5 {À?}) ({
Óïîðíåå, ÷åì ïðîäîëæåíèå â ïàðòèè, êàæåòñÿ, è} 27. f3) 27... Qxe4 {Ëèøíÿÿ ïåøê
à âäîáàâîê ê õîðîøåé, àêòèâíîé ïîçèöèè ôèãóð! ×òî åù¸ íàäî äëÿ ñ÷àñòüÿ?} 28.
Qc8+ Kh7 29. Rd8 {Ãðîçíî! Âîò òîëüêî ñòðåëÿòü ýòîé áàòàðåå íå êóäà è íå ïî
êîìó! (òàê êàçàëîàñü íà ïåðâûé âçãëÿä)} Qf4+ 30. Ng3 Nd2 31. h4 ({Íà} 31. Kg1 {
ïîñëåäóåò} Rf6 32. Rh8+ Kg6 33. Qg4+ Qxg4 34. hxg4 Rc6 $1 35. Nf5 Kf6 {
è áåëûì íå÷åãî ïðîòèâîïîñòàâèòü ìàí¸âðó Nd2-c4xb2}) 31... Qxh4+ 32. Kg1 e4 $5
({Ìîæåò, Ñâèäëåð ðàñ÷èòàë âàðèàíò:} 32... Qg5 33. Rd7 Qf4 34. Qf8 Rf6 35.
Qxg7+ $1 Kxg7 36. Nh5+ Kf8 37. Nxf4 {? Íî îí áëàãîïðèÿòåí äëÿ ÷¸ðíûõ!} Nc4 38.
Nd5 Re6 $19 {Âû çíàåòå, ó ïåøêè a5 ñåðü¸çíûå ïëàíû íà æèçíü: îíà õî÷åò, ïðè÷,
ì áûñòðî, ñòàòü ôåðç,ì!}) 33. Rxd2 ({Ìàêñèì Íîòêèí âîò òóò (https://www.
chesspro.ru/_events/2007/weik16.html) íàêèäàë êó÷ó êðàñèâûõ âàðèàíòîâ ïîñëå} 
33. Rh8+ Kg6 34. Qg8 Qg5 (34... Qf6 35. Rxh6+ $3) (34... e3 35. Qh7+ Kf6 36.
Qf5+ Ke7 37. Rb8 Ne4 38. Rb7+ Kd8 39. Nxe4 Qxe4) 35. Rh7 Qe5 36. Ne2 Nf3+ ({
(à ýòî - óæå ìî, òâîð÷åñòâî:} 36... a3 37. Rxg7+ Qxg7 38. Nf4+ Kf6 39. Nh5+
Ke7 40. Nxg7 axb2 41. Qe8+ Kf6 42. Nh5+ Kg6 43. Nf4+ {- íè÷üÿ - vasa}) 37.
gxf3 (37. Kf1 Rd6 38. gxf3 Rd1+ 39. Kg2 exf3+) 37... exf3 38. Nf4+ Qxf4 39.
Rxg7+ Kh5 40. Qxf7+ Qxf7 41. Rxf7 {
è ðåçþìèðîâàë: «Ìîãóò ëè çäåñü ÷åðíûå âûèãðàòü? Ó ìåíÿ áîëüøèå ñîìíåíèÿ».})
33... e3 $1 34. Rd3 ({Êðàñèâî âûèãðûâàþò ÷¸ðíûå ïðè âçÿòèè íà e3:} 34. fxe3
Qxg3 35. Re2 Qg5 $3 {
Òîíêèé õîä! Ôåðçü áåðåò ïîä êîíòðîëü ïîëå f5 - à ïåøêà e3 íèêóäà íå äåíåòñÿ!} (
{íî íå áàíàëüíîå âçÿòèå ëàäü,é «îòðàâëåííîé» ïåøêè -} 35... Rxe3 $2 36. Qf5+
Kg8 37. Qc8+ {, ïîñëå ÷åãî ôîðñèðóåòñÿ âå÷íûé øàõ.}) 36. Kf2 Qf5+ 37. Kg1 Qd3
$19 {, è ÷¸ðíûå âûèãðûâàþò âòîðóþ ïåøêó, è çàòåì ëåãêî ðåàëèçóþò ñâî,
áîëüøîå ïðåèìóùåñòâî.}) 34... Qf4 35. Rxe3 Rxe3 36. fxe3 Qxg3 {Ïîëó÷èëñÿ
âûé ýíäøïèëü ñ ëèøíåé ïåøêîé ó Ñâèäëåðà. Íå ñìîòðÿ íà ðàñïðîñòðàí,ííîå ìíåíèå
î òðóäíîñòè, íóäíîñòè è «ìíîãîøàõîâîñòè» äàííîãî ðîäà îêîí÷àíèé - ÷¸ðíûå
âûèãðàëè î÷åíü áûñòðî. Ñòàëî áûòü èãðàëè îíè è òî÷íî, è òåõíè÷íî.} 37. Qf5+
Qg6 38. Qd5 Qe6 39. Qd4 {Êàðëñåí èñïîëüçóåò ïîñëåäíèé øàíñ - ïûòàåòñÿ ñîçäàòü
ïðîõîäíóþ íà ôåðçåâîì ôëàíãå.} g6 40. Qxa4 Qxe3+ 41. Kh2 h5 {
Ïåøå÷íàÿ ñòðóêòóðà òðåáóåò íåêîòîðîé ïåðåñòðîéêè.} 42. Qd1 Kg7 43. Qd6 f6 $1 {
Ïîäãîòîâëÿÿ âûõîä åãî ÷¸ðíîãî âåëè÷åñòâà â ñâåò. Ïðè÷åì, ïðîèñõîäèò ýòî ñ
òåìïîì - âåäü ãðîçèò âûèãðûâàþùèé ðàçìåí ôåðçåé.} 44. Qc7+ Kh6 45. b4 Kg5 46.
Qc6 Qe5+ 47. Kg1 b5 {Ìàãíóñ ñäàëñÿ - ôåðçåâûé ôëàíã çàôèêñèðîâàí, è ðàçìåí
ñèëüíåéøèõ áîéöîâ íà äîñêå òåïåðü äåëî âðåìåíè.} 0-1

[Event "Corus Wijk aan Zee"]
[Site " Wijk aan Zee"]
[Date "2007.01.21"]
[Round "8"]
[White "GM Motylev, Alexander(RUS)"]
[Black "GM Svidler, Peter (RUS)"]
[Result "0-1"]
[WhiteElo "2647"]
[BlackElo "2728"]
[Annotator "Âàñèëèé Ëåáåäåâ"]
[PlyCount "56"]
[EventDate "2007.01.??"]
[EventType "tourn"]
[EventCountry "NED"]
[EventCategory "19"]
[Source "CrestBook.com"]

{Âñå ãîâîðÿò «Çàùèòà Ãðþíôåëüäà - òðóäíûé äåáþò, òðóäíûé äåáþò». Íî
ïîñìîòðèøü ïàðòèþ íàïîäîáèå ýòîé, è òàê è òÿíåò  çàâåðáîâàòüñÿ â ëåãèîí
ãðþíôåëüäèñòîâ.} 1. d4 Nf6 2. c4 g6 3. f3 d5 4. cxd5 Nxd5 5. e4 Nb6 6. Nc3 Bg7
7. Be3 O-O 8. Qd2 Nc6 9. O-O-O f5 10. e5 ({Âñåì èçâåñòíî ÷òî àêòèâíûì áîðóöîì
ñ èçîáðåòåíèåì àâñòðèéñêîãî ìàýñòðî Ýðíåñòî Ãðþíôåëüäà  ÿâëÿåòñÿ Êîíñòàíòèí
Ñàêàåâ. Âîò êàêóþ ýôôåêòíóþ ïàðòèþ îí âûèãðàë íå òàê óæ è äàâíî:} 10. h4
fxe4 11. h5 gxh5 12. d5 Ne5 13. Bh6 Rf7 14. Bxg7 Rxg7 15. Rxh5 Nbc4 16. Qd4 b5
17. Rxe5 Nxe5 18. Qxe5 exf3 19. Nxf3 Qd6 20. Nxb5 Qxe5 21. Nxe5 Bf5 22. Nd4 Be4
23. Bc4 Rxg2 24. Re1 {
1-0 Sakaev,K (2664)-Timofeev,A (2577)/Istanbul 2003/CBM 096/[Ftacnik]}) 10...
Nb4 11. Nh3 Be6 12. Kb1 Qd7 $146 (12... Nc4 13. Qc1 Nxe3 14. Qxe3 Nd5 15. Nxd5
Bxd5 16. Qc3 e6 {è çäåñü ïîñëåäîâàëî ñîãëàøåíèå íà íè÷üþ â ïàðòèè Bykhovsky,
A (2420)-Golod,V (2593) (Tel Aviv 2001)}) 13. Nf4 Bf7 14. a3 (14. h4 Na4) 14...
a5 $1 {Îòñòóïëåíèå - ïðîñòî ïîçîðíî!} {
Íî è áåëûå èãðàþò ïðèíèöïèàëüíî, íî áûòü ìîæåò äîïóñêàþò îøèáêó.} 15. d5 {
Ñëîíû ïîêàìåñò çàêîíîïà÷åíû. Âûçâîëèòü èõ èç ýòîãî ñîñòîÿíèÿ - âîò çààä÷à
äëÿ íàñòîùåãî àòàê,ðà!#} ({Åñëè íàì ÷òî-òî ïîæåðòâîâàëè, òî ïåðâûì äåëîì,
åñòåñòâåííî, íåîáõîäèìî âÿñíèòü à íåëüçÿ ëè  ýòî ïîæåðòâîàííîå ïðîñòî ñêóøàòü:
} 15. axb4 axb4 16. e6 $1 (16. Nb5 Ba2+ 17. Kc1 Qc6+ 18. Qc2 Bb3 $1 19. Qxc6
Ra1+ 20. Kd2 Rxd1+ 21. Ke2 bxc6 $19) 16... Bxe6 (16... bxc3 17. exf7+ Rxf7 18.
Qc2 $1) 17. Nxe6 Qxe6 18. d5 bxc3 19. dxe6 cxd2 20. Bxb6 ({èëè} 20. Rxd2 Rad8
21. Rxd8 Rxd8 22. Bg5 Rd6 23. Bxe7 Rxe6) 20... cxb6 21. Rxd2 {. Òàê íåìíîãî
ïîðàçìûñëèì: ÷¸ðíûå íàâàëèâàþòñÿ íà ïåøêó b2 è îêðóæàþò ïåøêó å6 -
ïðåèìóùåñòâî íà èõ ñòîðîíå. Íî ìíå êàæåòñÿ, ÷òî èìåííî âýòîì íàïðàâëåíèè íàäî
áûëî áåæòü áåëûì â ïîèñêàõ ñïàñåíèÿ...}) ({Rybka «ðåêîìåíäóåò» ïðîâåðèòü è} 
15. h4 $5) 15... Bxe5 {Îäèí èç õîáîòíûõ ïðîðâàë çàãðàæäåíèÿ è îáâîäèò áåøåííûì
âçîðîì îêðåòñíîñòè ðåçèäåíöèè áåëîãî êîðîëÿ} 16. axb4 {«Êîìïû» òîæå
ñîãëàøàþòñÿ, ÷òî ýòî ëó÷øèõ õîä. Ñìîòðèì, ñìîãóò ëè óðàçóìåòü çàìûñåë Ïåòðà
Ñâèäëåðà!} (16. Bd4 Bxd4 ({
î÷åíü êðàñèâî, íî ê ñîæàëåíèþ íå òàê ñèëüíî òóò íåâîçìîæíîå} 16... Nd3 $5 {
èç-çà} 17. Bxe5 Nxe5 18. Re1 Nec4 19. Bxc4 Nxc4 20. Qe2 $1 {
è áåëûå îòãðûâàþò ïåøêó è óðàâíèâàþò ïîçèöèþ.}) 17. Qxd4 g5 18. Bb5 Qd6 19.
Ne6 Bxe6 20. dxe6 Qxd4 21. Rxd4 Na6 $1 {
è ÷¸ðíûå âûøëè èç îñëîæíåíèé ñ ëèøíåé ïåøêî è ïåðñïåêòèâíîé ïîçèöèåé.}) 16...
axb4 17. Nb5 {ÅÄèíñòâåííîå ïîëå äëÿ êîíÿ.} (17. Nce2 $2 Qa4 $19) ({
Íà «ïðîìåæóòîê»} 17. Bxb6 {÷¸ðíûå îòâå÷àþò «ïðîìåæóòêîì»} bxc3) 17...
Ra5 $1 18. Bxb6 ({Åù¸ íàäî áû ïîáåäèòü è ïîñëå} 18. Qxb4 {
Â ìî,ì àíàëèçå ýòî ïðîèñõîäèò ñëåäóþùèì îáðàçîì:} Rfa8 {
Ñäâîèëèñü è ñðàçó ïðèãðîçèëè âñåì íà ñâåòå!} 19. Na3 (19. Nc3 Bxc3 20. bxc3 e5
$1 21. Bxb6 cxb6 22. Nh3 Ra1+ 23. Kc2 Rxd1 24. Kxd1 Qxd5+) 19... Bd6 $1 ({ïîñëå
} 19... Bxb2 20. Kxb2 Rxa3 21. Bb5 {
áîëüøå âå÷íîãî øàõà ÿ òóò çà ÷¸ðíûõ íå íàø,ë} c6 22. Bxb6) 20. Qd2 (20. Qd4
Bxa3 21. bxa3 Rxa3 22. Bd3 (22. Kc2 R8a4) 22... c5 $1 23. dxc6 (23. Qe5 Qa4)
23... Qxc6 24. Rd2 (24. Rc1 Ra1+ $1) 24... Nc4 $1 25. Bxc4 Bxc4 {
è áåëûå áåñïîìîùíû}) 20... Bxa3 21. bxa3 Rxa3 ({àíàëèç ïðîäîëæåíèÿ} 21... Nxd5
$5 {íàâåðíÿêà áóäåò îáíàðóæåí â êíèãå èçáðàííûõ ïàðòèÿ Ïåòðà Ñâèäëåðà. Íó à
ñåé÷àñ èãðàåì ïîïðîùå.}) 22. Bd4 (22. Bxb6 Ra1+) 22... Qa4 23. Kc1 Nc4 24.
Bxc4 Qxc4+ 25. Qc2 Ra1+ 26. Bxa1 Rxa1+ 27. Kd2 Ra2) ({
Ýêñèëèáðèñòèêà òîæå íå ïîìîãàåò:} 18. Nd3 $5 Qxd5 19. Nxb4 Qb3 $1 20. Bxb6 (20.
Nd4 Bxd4 21. Qxd4 c5) (20. Nd4 Bxd4 21. Bxd4 Rfa8) 20... cxb6 {
è áåëûå áåñïîìîùíû:} 21. Nd4 Bxd4 22. Qxd4 Rfa8 23. Nc2 Ra1+ $1 24. Nxa1 Rxa1+
$1 25. Kxa1 Qa2#) 18... cxb6 19. Qxb4 Rfa8 20. Rd4 {
Ýòî óæå «ïîìîãàåò» áåëûì, êàê ìåðòâîìó ïðèïàðêè.} ({Êàê è} 20. Nc3 Bxc3 21.
bxc3 e5 $1 ({èëè} 21... Ra4 $5 {ñ èäååé} 22. Qb5 Qc7) ({à åñëè} 21... Ra4 22.
Qb3 $5 {, òî íàâåðíîå, ìîæíî è òàê:} Ra1+ 23. Kc2 (23. Kb2 R8a2+ 24. Qxa2 Rxa2+
25. Kxa2 Qa4+) 23... R8a2+ 24. Kd3 Ra3 25. Rxa1 Rxb3 26. Kc2 Rxc3+ 27. Kxc3
Qc7+ {è ò.ä.}) 22. Nh3 (22. Nxg6 Ra1+ 23. Kc2 R1a2+ 24. Kb1 Bxg6 25. Bd3 Qxd5
26. Bc4 f4+ 27. Kc1 Rc2+ 28. Kb1 Rd2+ 29. Kc1 Ra1+) ({ïîñëå} 22. Bc4 exf4 {
áåëûå ïî-ïðåæíåìó ñòðàäàþò ïîä ìîùíîé àòàêîé, êîòîðàÿ ìîæåò çàâåðøèòüÿ òàê}
23. Kc2 Ra4 24. Qb3 Qc7 25. Rd4 b5 $1) 22... Ra1+ 23. Kc2 Rxd1 24. Kxd1 Qxd5+)
(20. g3) 20... Bxd4 21. Qxd4 Ra1+ 22. Kc2 Rxf1 $1 23. Rxf1 Qxb5 24. Rc1 Rd8 ({
Ïëîõî, ðàçóìååòñÿ, ïðèøåäøåå ìíå â ãîëîâó âî âðåìÿ îíëàéíà} 24... Ra4 $6 25.
Qe5 Qc4+ 26. Kb1 Qxf4 $4 ({à ïîñëå} 26... Qa2+ 27. Kc2 {
áåëûå åùå òðåïûõàþòñÿ è äîâîëüíî áîäðî ñìîòðÿò â áóäóùåå}) 27. Rc8+) 25. Qe5
Bxd5 26. Nxd5 Rxd5 27. Qe6+ (27. Qxe7 Qd3#) 27... Kf8 28. Qc8+ Kf7 {Âòîðàÿ «÷
,ðíàÿ» ïîáåäà ïîäðÿä Ïåòðà Ñâèäëåðà! Îí òîæå âêëþ÷àåòñÿ â ãîíêó çà ëèäåðîì!}
({Íà} 28... Kf7 {ìîãëî ïîñëåäîâàòü} {åäèíñòâåííîå} 29. Kb1 Rc5 $1 {, âîñêðåøàÿ
â÷åðàøíèå ïðèÿòíûå âîñïîìèíàÿ Ïåòðà î âûèãðûøíîì ôåðçåâîì ýíäøïèëå.} ({ïîñëå} 
29... Rd2 {ìîãóò îáðàçîâàòüñÿ êàêèå-òî «íåïîíÿòêè»} 30. Qh8 $1 h5 31. Qh7+
Kf6 32. Qh8+ Kg5 (32... Ke6 $2 33. Qg8+ Ke5 34. Qb8+ $1 Rd6 35. Qf8 $1) {
õîòÿ êîìï êîíå÷íî ëåãêî âñå ýòî îïðîâåðãàåò} 33. Qg7 Qd3+ 34. Ka1 Qd6 35. Rc4
f4 36. g3 fxg3 37. hxg3) 30. Rxc5 bxc5 {è ò.ä.}) 0-1

[Event "Corus Wijk aan Zee"]
[Site " Wijk aan Zee"]
[Date "2007.01.21"]
[Round "8"]
[White "GM Kramnik, Vladimir (RUS) "]
[Black "GM Carlsen, Magnus (NOR)"]
[Result "1/2-1/2"]
[WhiteElo "2766"]
[BlackElo "2690"]
[Annotator "Ðîìàí Äîáðîíîâñêèé "]
[PlyCount "55"]
[EventDate "2007.01.??"]
[EventType "tourn"]
[EventCountry "NED"]
[EventCategory "19"]
[Source "CrestBook.com"]

1. Nf3 Nf6 2. c4 e6 3. g3 d5 4. d4 dxc4 {Âî âðåìÿ ïàðòèè Êðàìíèê-Àíàíä ìíîãèå
çàäàâàëèñü âîïðîñîì, ÷òî áûëî áû âûáåðè èíäèåö áîëåå îñòðûé âàðèàíò 4...dc.
×òî æ, íà âñå âîïðîñû íàéäóòñÿ îòâåòû...} 5. Bg2 a6 6. O-O Nc6 7. e3 Bd7 8.
Nc3 Nd5 9. Nd2 Nb6 10. Qe2 Na5 11. Nde4 $5 $146 {Ñîãëàñíî ìîåé áàçå - íîâèíêà,
õîòÿ ïî÷òè óâåðåí, ÷òî êòî-ãäå òàê óæå èãðàë è ñ óäîâîëüñòâèå ïîä÷åðêíåò,
÷òî ïðèìåíÿë èäåþ ïåðåâîä êîíÿ íà ñ5 çàäîëãî äî ðîæäåíèÿ 14 ÷åìïèîíà ìèðà.}
({Áîëåå åñòåñòâåííî âûãëÿäèò} 11. e4 {, õîòÿ ïîñëå} Bb4 $5 {
ðåçóëüòàòû áåëûõ íå âïå÷àòëÿþò, íàïðèìåð,} 12. Nf3 (12. Qg4 $5 Qf6 13. Nf3 h5
14. Qf4 Qxf4 15. Bxf4 O-O-O 16. Rac1 f6 17. h4 Kb8 18. Rc2 Rhe8 19. Re1 Nc6 20.
Rd2 Na7 21. Rde2 Nb5 22. Bd2 Bxc3 23. bxc3 Na4 24. Re3 c5 25. e5 Bc8 26. dxc5
Nxc5 {Radjabov,T-Adams,M/Tripoli 2004 0-1}) 12... O-O 13. Be3 Qe7 14. Rac1 c5
15. dxc5 Bxc5 16. Rfd1 Bxe3 17. Qxe3 Na4 18. Ne5 Be8 19. Rd2 Nc5 20. Ne2 {
1/2-1/2 Ribli,Z-Gross,D/Austria 2005}) 11... Be7 ({
Ñ ïîçèöèé ÷åëîâåêà ìàëîçíàêîìîãî ñ òåîðèåé âàðèàíòà õîäó ïðåäëîæèòü} 11... Bc6
$5 {Ïîñëå ïðèìåðíîãî} 12. Nc5 $5 ({×óòü ñëîæíåå çàäà÷è ÷åðíûõ ïîñëå} 12. Bd2
$5 {(áåëûå ñòðåìÿòñÿ èñïîëüçîâàòü íåçàùèùåííîñòü êîíÿ à5)} Bb4 13. Nc5 Bxg2 14.
Kxg2 Bxc5 15. dxc5 Nd7 16. Ne4 Nxc5 $1 17. Bxa5 Qd5 18. Rfd1 Nd3) 12... Bxg2
13. Kxg2 Bxc5 14. dxc5 Nd7 15. Rd1 Qf6 {
ó ÷åðíûõ íå äîëæíî áûòü áîëüøèõ ïðîáëåì ïîñëå äåáþòà.}) 12. Nc5 Bc6 ({
Ïîäîçðèòåëüíî âûãëÿäèò} 12... Rb8 $6 {ââèäó} 13. b3 $1 {è ïîñëå} cxb3 ({
Çäåñü íà} 13... Bc6 {âîçìîæíî äàæå} 14. Nxe6 $5 {
è êîíü à5 âíîâü îêàçûâàåòñÿ ïîçîðîì ïîçöèè.}) 14. axb3 Bxc5 ({Ëó÷øå} 14... Nc6
15. Ba3 O-O 16. Rfd1 {õîòÿ è çäåñü ó áåëûõ ïîëíÿ êîìïåíñàöèÿ çà ïåøêó.}) 15.
dxc5 Nxb3 16. cxb6 Nxa1 17. Qb2 {
âûÿñíÿëîñü, ÷òî áåñïëàòíûé ñûð áûâàåò òîëüêî â ìûøåëîâêàõ.}) 13. Bxc6+ Nxc6
14. Nxb7 Qc8 15. Nc5 O-O {Îáû÷íàÿ äëÿ ýòîãî âàðèàíòà êàðòèíà: âåðíóâ ïåøêó,
÷åðíûå ñìîãëè ðàçìåíÿòü áåëîïîëüíûõ ñëîíîâ (ýòîò ðàçìåí ïðè ïðî÷èõ ðàâíûõ
ïî÷òè âñåãäà â èõ ïîëüçó), çàâåðøèòü áåç áîëüøèõ ïîòåðü ðàçâèòèå è, èìåÿ â
ïåðñïåêòèâå ïîäðûâ å6-å5(â áëèæàéøåå âðåìÿ) ïëþñ âîçìîæíîñòü ïåðåâîäà êîíÿ íà
d3(êîãäà-íèáóäü), ìîãóò ñìåëî ñìîòðåòü â áóäóùåå.} 16. N5a4 {Íåáîëüøîå äàâëåíèå
áåëûå ñîõðàíÿþò, íî íå áîëåå òîãî. Ïðîáëåìû Êàðëñåíà íà ýòîì òóðíèðå è
áîëüøèíñòâî åãî ïîðàæåíèé, áûëè ñâÿçàíû, íà ìîé âçãëÿä, â ïåðâóþ î÷åðåäü ñ
íåêà÷åñòâåííîé äåáþòíîé ïîäãîòîâêîé. Åñëè æå óäàâàëîñü "ïðîñêî÷èòü"
äåáþòíóþ ñòàäèþ, íå ïîòåðÿâ ÷òî-òî âàæíîå è íóæíîå â äàëüíåéøåé áîðüáå
(ôåðçÿ, íàïðèìåð, êàê â ïàðòèè ñ Ïîíîìàðåâûì), òî â äàëüíåéøåé áîðüáå
ñîïåðíèêè ðåäêî ìîãëè íàêàçàòü Ìàëûøà, íå ïî ãîäàì ãðàìîòíî ñòàâÿùåãî ôèãóðû.}
Nb4 ({Çàñëóæèâàëà íåêîòîðîãî âíèìàíèÿ æåðòâà ïåøêè ïîñðåäñòâîì} 16... Qd7 $5
17. Nxb6 cxb6 18. Qxc4 b5 19. Qe2 b4 20. Ne4 (20. Na4 $2 Nxd4) 20... Qd5 {
Áåëûì áûëî áû íåëåãêî çàêîí÷èòü ðàçâèòèå, ñîõðàíèâ ëèøíþþ ïåøêó.} ({
Èëè äàæå ñðàçó} 20... e5 $5)) 17. Bd2 $6 {Çäåñü ñëîí ðàñïîëîæåí íå ëó÷øèì
îáðàçîì - ïåðåãîðàæèâàåò âàæíóþ ëèíèþ d, à ðàçâèò, ïî ñóòè, ÷èñòî
íîìèíàëüíî è ñòîèò íåìíîãèì ëó÷øå, ÷åì íà íà÷àëüíîé ïîçèöèè.} ({Èíòåðåñíåå} 
17. b3 $5 {ñòðåìÿñü âñêðûòü äëÿ áåëûõ ëàäåé ëèíèè à è ñ, íà êîòîðûõ
ðàñïîëîæåíû ÷åðíûå ïåøêè è îòêðûâàÿ áåëîìó ñëîíó áîëåå ïåðñïåêòèâíóþ äîðîæêó
íà à3.}) 17... Rd8 $1 {ñ äîâîëüíî íåïðèÿíîé óãðîçîé 18...å5! è çàòåì 19...Êd3!}
18. a3 Nc6 ({Íè ê ÷åìó ïðèíèìàòü ëþáåçíîå ïðèãëàøåíèå; ïîñëå} 18... Nd3 $6
19. b3 {êàâàëåðèéñêèé ðåéä êîíÿ ìîã çàêîí÷èòüñÿ âåñüìà íåïðèÿòíî äëÿ ÷åðíûõ.}
) ({À íà} 18... N4d5 {Êàðëñåíó âåðîÿòíî íå ïîíðàâèëîñü} 19. Nxb6 cxb6 20. e4 {
, õîòÿ ïîñëå} Nf6 21. Be3 Qc6 22. f3 {áåëûì íå÷åì îñîáåííî õâàñòàòü.}) 19.
Rac1 {Ïóãàÿ ÷åðíûõ "íåïðèÿòíûì" ïðîòèâîñòîÿíèåì.} Rb8 $1 {Ïîñìîòðèòå
íî íà ôîòîãðàôèþ, à åùå ëó÷øå - íà ïàðòèè þíîãî íîðâåæöà. Ýòîò ïàðåíü - íå
èç ïóãëèâûõ!} ({Òåì áîëåå, ÷òî} 19... Qb7 {òåðÿëî ïåøêó -} 20. Nxb6 cxb6 21.
Qxc4 Rac8 22. Qe2 Na5 {ñ íåêîòîðîé, âïðî÷åì, êîìïåíñàöèåé.}) 20. Rfd1 {
Ïîäáðàñûâàÿ ïîñëåäíèå äðîâèøêè â çàòóõàéþùèé îãîíü èíèöèàòèâû.} ({
Âàæíî, ÷òî òåïåðü áåëûå íå ìîãóò âûèãðàòü ïåøêó ñ4 ïîñðåäñòâîì} 20. Nxb6 cxb6
21. Qxc4 {ââèäó} Nxd4 $1 22. Qxc8 Nf3+ 23. Kg2 Rbxc8 24. Kxf3 ({Õóæå} 24. Nd5
$6 Nh4+ 25. gxh4 exd5 {è îñòàòîê ïàðòèè áåëûì ïðèäåòñÿ ïðîâåñòè â çàùèòå.})
24... Rxd2 25. Nd5 Rxc1 26. Nxe7+ Kf8 27. Rxc1 Kxe7 28. Rc7+ Kf6 29. b4 Ra2 30.
Rc6 Rxa3 31. Rxb6 {ñî ñêîðîé íè÷üåé.}) 20... e5 $5 {
Ñ ýòèì ïðîäâèæåíèåì ìîæíî áûëî íå ñïåøèòü.} ({Çàñëóæèâàëî âíèìàíèÿ} 20... Na5
$5 {, ïðîäîëæàÿ áîëüøèå ìàíåâðû, íî òàëàíòëèâîãî þíèîðà ïðè óæå îòìå÷åííîé
âûøå ãðàìîòíîñòè â ðàññòàíîâêå ôèãóð îòëè÷àåò íåêîòîðàÿ (íàïèøåì ìÿãêî -
ôèøåðîâñêàÿ!) ïðÿìîëèíåéíîñòü â ïðîâåäåíèè ïëàíîâ.}) 21. Nxb6 {
Òåïåðü ýòî óæå âûíóæäåíî.} cxb6 22. Qxc4 exd4 23. Ne4 $6 ({Òðóäíî êðèòèêîâàòü
ðåøåíèÿ ÷åìïèîíà ìèðà, íî, ïîõîæå, ÷òî ýòîò íåñêîëüêî âÿëûé ëèøàåò áåëûõ
ïîñëåäíèõ øàíñîâ ïîáîðîòüñÿ çà ñêîëüêî íèáóäü ñåðüåçíîå ïðåèìóùåñòâî. Òðóäíî
îáúÿñíèòü, ïî÷åìó Êðàìíèê íå èçáðàë} 23. Nd5 $1 Bc5 24. exd4 (24. e4 Ne5 {
ìîæåò áûòü îïàñíî òîëüêî äëÿ áåëûõ.} {Íàïðèìåð,} 25. Qf1 Qe6 26. Qg2 f5 27. Nf4
Qf7 28. exf5 Qxf5 29. b4 Bf8) 24... Nxd4 25. Bc3 $5 ({
Î÷åíü ñèëüíî íà ïåðâûé âçãëÿä âûãëÿäèò} 25. Bf4 $5 {
è ÷åðíûì ïðèøëîñü áû ïîäíÿòü âàðèàíò} Qb7 $1 26. Bxb8 Rxd5 27. Bf4 Nf3+ $1 ({
Âîçìîæíî è} 27... Rd8 $5 28. Rxd4 Bxd4 29. Bg5 b5 30. Qc6 Qxc6 31. Rxc6 f6 32.
Bf4 {ñ ðàâíîé èãðîé, íî øàõ êîíåì èíòåðåñíåå ñî çðèòåëüñêîé òî÷êè çðåíèÿ.})
28. Kf1 Rd2 $3 29. Bxd2 Nxh2+ 30. Kg1 Nf3+ 31. Kf1 Nh2+ {
è íè÷üÿ, òàê êàê íåëüçÿ èãðàòü} 32. Ke1 $4 Qh1+ 33. Ke2 Qf3+ 34. Ke1 Bxf2#)
25... Rxd5 $1 26. Qxd5 (26. Rxd4 Rf5 $1 27. Bb4 g6 28. g4 Re5 {
ñ êàê ìèíèìóì ðàâíûìè øàíñàìè.}) 26... Ne2+ 27. Kg2 Nxc1 28. Rxc1 Qd8 {
(ñàìîå íàäåæíîå)} 29. Qf3 {
ñ ìèíèìàëüíûì ïëþñèêîì. Íî âñå ýòî åùå íàäî áûëî íàéòè ÷åðíûìè!}) 23... dxe3
24. Bxe3 Rxd1+ 25. Rxd1 Qb7 ({Âïîëíå âîçìîæíî áûëî} 25... Ne5 $5 26. Qxc8+ Rxc8
27. Bxb6 f5 28. Nd6 Bxd6 29. Rxd6 Nc4 30. Rd8+ Rxd8 31. Bxd8 Nxb2 32. Kg2 Nc4
33. a4 Kf7) 26. Rc1 Ne5 27. Qc7 f6 28. Qxb7 $1 {
Ïîñëåäíèé èíòåðåñíûé ìîìåíò â ïàðòèè, êîòîðûé êàê âñåãäà (!) îñòàëñÿ çà êàäðîì.
} ({Âåñüìà îáåùàþùå âûãëÿäèò} 28. Bf4 $6 {, íî ïîñëå} Nf3+ 29. Kg2 Qxe4 $1 30.
Qxb8+ Kf7 {íåíàðîêîì ìîæíî è ïðîèãðàòü -} 31. Qc8 Nd4+ $1 32. Kg1 ({Ãëóïî} 32.
Kh3 $6 g5 {ïðÿìîãî âûèãðûøà ÷åðíûõ â óñëîâèÿõ íåäîñòàòêà âðåìåíè ÿ íå íàøåë,
íî â ëþáîì ñëó÷àå ñ ëþäñêîé  òî÷êè çðåíèÿ ïîäîáíàÿ ñèòóàöèÿ âåñüìà
íåïðèãëÿäíà äëÿ áåëûõ.}) 32... Ne2+ 33. Kf1 Nxc1 34. Qxc1 Bd6 35. Qe3 Qc4+ 36.
Kg1 Bxf4 37. gxf4 {
è õîòÿ íè÷üÿ îñòàåòñÿ íàèáîëåå âåðîÿòíûì èñõîäîì, ðèñê ÿâíî èçëèøåí.}) 1/2-1/2